00609nam a22001097a 4500040000800000082002700008100001800035245030500053260002600358300002800384856008700412 cRUA aAVM KOV 2013 B106 Or.1 aKOV, SOKLENG. asurvey on classical swine fever and haemorragic septicemia disease of pigs in kohthom district, kandal province (ការអង្កេតពីជំងឺប៉េស្ត​និង សារទឹកលើជ្រូក នៅស្រុកកោះធំ ខេត្តកណ្តាល) aPhnom PenhbRUAc2013 aviii, 33p.bill.c29cm. uhttps://drive.google.com/file/d/1K0ihVquxkWE2BTWOmPO9Kb1g1IVVhq_m/view?usp=sharing